[Event "CARIFTA CHESS GAMES 2014 - UNDER 12"]
[Site "Schoelcher"]
[Date "2014.04.19"]
[Round "4.8"]
[White "Udino, Aubin"]
[Black "Thorpe, Jaleel"]
[Result "0-1"]
[WhiteElo "1009"]
[BlackElo "1099"]
[PlyCount "82"]
[EventDate "2014.??.??"]

1. d4 e6 2. c4 f5 3. Nf3 Nf6 4. Nc3 Bb4 5. Bg5 O-O 6. a3 Bxc3+ 7. bxc3 Qe8 8.
e3 Ne4 9. Qc2 d6 10. Bd3 d5 11. O-O Nd7 12. c5 b6 13. Ra2 bxc5 14. dxc5 Ndxc5
15. Ne5 Nxg5 16. Rb2 Nge4 17. f3 Ng5 18. Rb4 Ba6 19. Rd1 Bxd3 20. Nxd3 Qe7 21.
c4 Rac8 22. Ne5 Qd6 23. f4 Nf7 24. Qc3 Ne4 25. Qd4 c5 26. Qb2 cxb4 27. axb4
Nxe5 28. fxe5 Qc6 29. c5 Qb7 30. Rc1 Nxc5 31. Qa3 Ne4 32. Rb1 Rc7 33. b5 Rfc8
34. Rf1 Qxb5 35. Qa1 Qb6 36. Qe1 a5 37. Qa1 Qxe3+ 38. Kh1 Nf2+ 39. Kg1 Nh3+ 40.
Kh1 Qg1+ 41. Rxg1 Nf2# 0-1

[Event "CARIFTA CHESS GAMES 2014 - UNDER 12"]
[Site "Schoelcher"]
[Date "2014.04.19"]
[Round "4.9"]
[White "Rapier, Alexandre"]
[Black "Sandiford, Leigh"]
[Result "1-0"]
[WhiteElo "1099"]
[BlackElo "1009"]
[PlyCount "121"]
[EventDate "2014.??.??"]

1. c4 e5 2. Nc3 Bc5 3. d3 d6 4. Nf3 Nf6 5. e4 Ng4 6. Bg5 f6 7. Be3 Bxe3 8. fxe3
Nxe3 9. Qe2 Ng4 10. Qd1 Ne3 11. Qe2 Ng4 12. Qd2 Nc6 13. Nd5 Be6 14. Be2 Bxd5
15. cxd5 Nd4 16. Nxd4 exd4 17. Bxg4 O-O 18. Be6+ Kh8 19. Bf5 Qe7 20. Qe2 Rae8
21. Qh5 h6 22. O-O Qf7 23. Qg4 Re5 24. Bg6 Rg5 25. Bxf7 Rxg4 26. Be6 Rg6 27.
Bf5 Rg5 28. Rac1 g6 29. Be6 f5 30. Rxc7 f4 31. Rxb7 f3 32. g3 h5 33. h4 Rxg3+
34. Kh2 Rg2+ 35. Kh1 Rc2 36. Bh3 f2 37. Rxa7 Rf3 38. Kg2 Rxd3 39. Rxf2 Rxf2+
40. Kxf2 Rxh3 41. b4 d3 42. Ke1 Rh2 43. Kd1 Rh1+ 44. Kd2 Rh3 45. b5 Rxh4 46.
Kxd3 g5 47. b6 Rf4 48. b7 Rf8 49. Ra8 Rg8 50. Rc8 g4 51. b8=Q Rxc8 52. Qxc8+
Kh7 53. Qd7+ Kg6 54. Qxd6+ Kg5 55. Qg3 h4 56. Qg1 h3 57. d6 Kh4 58. d7 g3 59.
d8=Q+ Kg4 60. Qg8+ Kf3 61. Q8xg3# 1-0

[Event "CARIFTA CHESS GAMES 2014 - UNDER 12"]
[Site "Schoelcher"]
[Date "2014.04.19"]
[Round "4.10"]
[White "Brieu, Levy"]
[Black "Taye, Melvin"]
[Result "0-1"]
[WhiteElo "1099"]
[BlackElo "1010"]
[PlyCount "46"]
[EventDate "2014.??.??"]

1. d4 c5 2. Nf3 cxd4 3. Nxd4 e5 4. Nb5 Bc5 5. Nd6+ Kf8 6. Nf5 Qf6 7. e4 g6 8.
Bh6+ Ke8 9. Bg7 Bb4+ 10. Nc3 Qg5 11. Bxh8 gxf5 12. Bc4 Bc5 13. Nd5 Qxg2 14. Rf1
fxe4 15. Nc7+ Kd8 16. Nxa8 Bb4+ 17. c3 Bc5 18. Bxf7 d6 19. Bxg8 Bg4 20. Qd5 b6
21. Be6 e3 22. Qb7 exf2+ 23. Rxf2 Qxf2# 0-1

[Event "CARIFTA CHESS GAMES 2014 - UNDER 12"]
[Site "Schoelcher"]
[Date "2014.04.19"]
[Round "4.11"]
[White "Meynard, Cedrick"]
[Black "Daney De Marcillac, Pierre-Francois"]
[Result "1-0"]
[WhiteElo "1099"]
[BlackElo "1009"]
[PlyCount "71"]
[EventDate "2014.??.??"]

1. e4 e5 2. Nf3 Nc6 3. Bc4 Bc5 4. d3 d6 5. Ng5 Qxg5 6. Bxg5 f6 7. Be3 Bxe3 8.
fxe3 Nh6 9. Nc3 Bg4 10. Qd2 Nb4 11. h3 Nc6 12. hxg4 Nxg4 13. O-O-O O-O-O 14.
Be6+ Kb8 15. Bxg4 h5 16. Be6 Rde8 17. Bd5 Nb4 18. Nb5 c6 19. Bxc6 bxc6 20. Nxd6
Rd8 21. Qxb4+ Kc7 22. Nf7 c5 23. Qxc5+ Kd7 24. Nxh8 Rxh8 25. Qxa7+ Kd6 26. Qxg7
Rb8 27. Qxf6+ Kc5 28. Qxe5+ Kb6 29. Qxb8+ Kc5 30. Qe5+ Kb6 31. Qb8+ Kc5 32.
Rxh5+ Kc6 33. Qe5 Kb6 34. Rh6+ Kb7 35. Qe7+ Kb8 36. Rh8# 1-0

[Event "CARIFTA CHESS GAMES 2014 - UNDER 12"]
[Site "Schoelcher"]
[Date "2014.04.19"]
[Round "4.12"]
[White "Rapier, Marc-Antoine"]
[Black "Coat, Gabriel"]
[Result "0-1"]
[WhiteElo "1099"]
[BlackElo "1009"]
[PlyCount "62"]
[EventDate "2014.??.??"]

1. e4 e5 2. Nf3 Nc6 3. Nc3 Nf6 4. Bc4 h6 5. d3 Bc5 6. Bd2 d6 7. h3 Na5 8. b3
Nxc4 9. bxc4 Rb8 10. Rb1 g5 11. Bxg5 hxg5 12. Nxg5 Nh5 13. Nd5 Qxg5 14. Nxc7+
Kd7 15. Nd5 Qxg2 16. Kd2 Qxf2+ 17. Kc1 Qh4 18. Qf1 Qg5+ 19. Kb2 Bd4+ 20. Kb3
Rf8 21. Rh2 b5 22. Ka3 Bc5+ 23. Kb3 bxc4+ 24. Kc3 Bd4+ 25. Kxc4 Ba6+ 26. Rb5
Bxb5+ 27. Kb4 Ba6+ 28. Ka5 Qd8+ 29. Ka4 Bb5+ 30. Kb4 Bc6+ 31. Ka3 Qa5# 0-1

[Event "CARIFTA CHESS GAMES 2014 - UNDER 12"]
[Site "Schoelcher"]
[Date "2014.04.19"]
[Round "4.13"]
[White "Clarke, Nishani"]
[Black "Sebastien, Sunny"]
[Result "0-1"]
[WhiteElo "1009"]
[BlackElo "1060"]
[PlyCount "70"]
[EventDate "2014.??.??"]

1. e4 e5 2. Nf3 Nf6 3. Nc3 Nc6 4. Bc4 Bc5 5. O-O Ng4 6. d3 O-O 7. Bg5 Qe8 8. h3
Nf6 9. Qd2 Nd4 10. Nxd4 Bxd4 11. Bxf6 Bxc3 12. Qxc3 d6 13. Bh4 c6 14. Qd2 d5
15. exd5 cxd5 16. Bxd5 Qd7 17. Be4 Qb5 18. Qg5 Qxb2 19. Qh5 h6 20. Rab1 Qxc2
21. Qf3 Qxa2 22. Qg3 f5 23. Bf3 f4 24. Qg6 Bf5 25. Qh5 Bxd3 26. Rfd1 Bxb1 27.
Rd7 Qa4 28. Rxb7 e4 29. Bxe4 Bxe4 30. Re7 Bb7 31. Qf7+ Rxf7 32. Re2 Qd1+ 33.
Kh2 Qxe2 34. g3 Qf1 35. gxf4 Qg2# 0-1

[Event "CARIFTA CHESS GAMES 2014 - UNDER 12"]
[Site "Schoelcher"]
[Date "2014.04.19"]
[Round "4.15"]
[White "Casimir, Sarah"]
[Black "Mossi, Benoit"]
[Result "0-1"]
[WhiteElo "1009"]
[BlackElo "1009"]
[PlyCount "30"]
[EventDate "2014.??.??"]

1. e4 e5 2. Bc4 Nf6 3. Qf3 Bc5 4. d3 d6 5. Bg5 Bg4 6. Qg3 Qd7 7. Qh4 h6 8. Bxf6
gxf6 9. Qxf6 Rg8 10. Nc3 Nc6 11. Nb5 Nd4 12. Nf3 Nxc2+ 13. Kd1 Nxa1 14. h3
Bxf3+ 15. gxf3 Bxf2 0-1

[Event "CARIFTA CHESS GAMES 2014 - UNDER 12"]
[Site "Schoelcher"]
[Date "2014.04.19"]
[Round "4.16"]
[White "Berdix, Andrew"]
[Black "Drieux, Nilsen"]
[Result "1-0"]
[WhiteElo "1050"]
[BlackElo "1009"]
[Annotator "Doe,John"]
[PlyCount "51"]
[EventDate "2014.??.??"]

1. d4 d5 2. e3 c6 3. c3 e6 4. Nf3 Na6 5. Nbd2 Ne7 6. Bd3 Bd7 7. Ng5 g6 8. Ndf3
Bg7 9. Nh4 Nc8 10. Nf5 {10.Nxg7 illegal.} Qf6 11. Nxg7+ Kf8 12. Bxa6 bxa6 13.
Qf3 Qxg5 14. e4 Kxg7 15. Bxg5 h6 16. Bf6+ Kg8 17. Bxh8 Kxh8 18. Qxf7 Nd6 19.
Qxd7 Nc8 20. Qxc6 dxe4 21. Qxa8 Kg7 22. Qxc8 Kf6 23. Qf8+ Kg5 24. Qa8 Kf5 25.
Qxa7 e5 26. Qxa6 1-0

[Event "CARIFTA CHESS GAMES 2014 - UNDER 12"]
[Site "Schoelcher"]
[Date "2014.04.19"]
[Round "4.17"]
[White "Severin, Noa"]
[Black "Coppet, Clemence"]
[Result "1-0"]
[WhiteElo "1009"]
[BlackElo "1009"]
[PlyCount "64"]
[EventDate "2014.??.??"]

1. d4 d5 2. Nc3 Nf6 3. e3 e6 4. Bb5+ Ke7 5. Nxd5+ Kd6 6. e4 Nxe4 7. Qe2 Kxd5 8.
b3 g6 9. Kf1 Kxd4 10. Be3+ Ke5 11. c3 Bg7 12. Bd4+ Kf5 13. Qf3+ Kg5 14. g3 Nd2+
15. Ke2 Nxf3 16. Nxf3+ Kh6 17. h4 e5 18. Be3+ Kh5 19. Rhg1 g5 20. g4+ Kg6 21.
Bd3+ Kf6 22. Nh2 Bh6 23. Rg3 e4 24. Bxe4 a5 25. Rf3+ Kg7 26. Bd4+ Kg8 27. Rf6
gxh4 28. Bd5 Ra6 29. g5 b5 30. gxh6 Rxf6 31. Rg1+ Kf8 32. Ke1 Rf5 1-0